Eastern Utah Libraries Catalog: Duchesne, Heber, Roosevelt, & Vernal

LEGO epic history / (Record no. 354011)

MARC details
000 -LEADER
fixed length control field 01900cam a2200409 i 4500
001 - CONTROL NUMBER
control field 1154665015
003 - CONTROL NUMBER IDENTIFIER
control field OCoLC
005 - DATE AND TIME OF LATEST TRANSACTION
control field 20201001165645.0
008 - FIXED-LENGTH DATA ELEMENTS--GENERAL INFORMATION
fixed length control field 190827s2020 nyua j 001 0 eng
020 ## - INTERNATIONAL STANDARD BOOK NUMBER
International Standard Book Number 9781465496119 (hbk)
020 ## - INTERNATIONAL STANDARD BOOK NUMBER
International Standard Book Number 1465496114 (hbk)
035 ## - SYSTEM CONTROL NUMBER
System control number (OCoLC)1154665015
040 ## - CATALOGING SOURCE
Original cataloging agency AU@
Language of cataloging eng
Transcribing agency AU@
Modifying agency OCLCO
-- OCLCF
-- QQ3
Description conventions rda
082 04 - DEWEY DECIMAL CLASSIFICATION NUMBER
Classification number 688.72509
Edition number 23
092 0# - LOCALLY ASSIGNED DEWEY CALL NUMBER (OCLC)
Filing suffix J
Classification number 688.725 LEGO
Item number SKENE
100 1# - MAIN ENTRY--PERSONAL NAME
Personal name Skene, Rona,
Relator term author.
9 (RLIN) 6273889
245 10 - TITLE STATEMENT
Title LEGO epic history /
Statement of responsibility, etc written by Rona Skene.
246 30 - VARYING FORM OF TITLE
Title proper/short title Epic history.
264 #1 - Production, Publication, Distribution, Manufacture, and Copyright Notice.
Place of production, publication, distribution, manufacture New York :
Name of producer, publisher, distributor, manufacturer Dorling Kindersley,
Date of production, publication, distribution, manufacture, or copyr 2020.
300 ## - PHYSICAL DESCRIPTION
Extent 68 pages :
Other physical details colour illustrations ;
Dimensions 28 cm.
336 ## - Content Type
Content type term text
336 ## - Content Type
Content type term still image
337 ## - Media type
Media type term unmediated
338 ## - Carrier type
Carrier type term volume
500 ## - GENERAL NOTE
General note "Discover the history of the world and get inspired to build!"--Cover.
500 ## - GENERAL NOTE
General note Includes index.
520 ## - SUMMARY, ETC.
Summary, etc Covering global history from the earliest humans building fire and inventing the wheel, to a modern day city with sustainable energy technology and robots, LEGO Epic History is the perfect introduction for children learning about the past. LEGO models and minifigures bring to life scenes from the most epic historical periods and inspire children to get creative and build their own! Covers fun, accessible aspects of history through time and place, from the Ancient Egyptians to the Space Race and from Aztec temples to Chinese inventions.
650 #0 - SUBJECT ADDED ENTRY--TOPICAL TERM
Topical term or geographic name as entry element History
Form subdivision Juvenile literature.
9 (RLIN) 5800658
650 #0 - SUBJECT ADDED ENTRY--TOPICAL TERM
Topical term or geographic name as entry element LEGO toys
Form subdivision Juvenile literature.
9 (RLIN) 5687453
650 #0 - SUBJECT ADDED ENTRY--TOPICAL TERM
Topical term or geographic name as entry element Models and modelmaking
Form subdivision Juvenile literature.
9 (RLIN) 5692368
650 #1 - SUBJECT ADDED ENTRY--TOPICAL TERM
Topical term or geographic name as entry element History.
9 (RLIN) 6377278
650 #1 - SUBJECT ADDED ENTRY--TOPICAL TERM
Topical term or geographic name as entry element LEGO toys.
9 (RLIN) 6377279
650 #1 - SUBJECT ADDED ENTRY--TOPICAL TERM
Topical term or geographic name as entry element Models and modelmaking.
9 (RLIN) 6377280
655 #7 - INDEX TERM--GENRE/FORM
Genre/form data or focus term Nonfiction.
Source of term local.
9 (RLIN) 5714151
907 ## - LOCAL DATA ELEMENT G, LDG (RLIN)
a .b429795579
942 ## - ADDED ENTRY ELEMENTS (KOHA)
Source of classification or shelving scheme Dewey Decimal Classification
Koha item type BOOK
Holdings
Withdrawn status Lost status Source of classification or shelving scheme Damaged status Not for loan Collection code Home library Current library Shelving location Date acquired Source of acquisition Total Checkouts Total Renewals Full call number Barcode Date last seen Date checked out Cost, replacement price Price effective from Koha item type
    Dewey Decimal Classification     Junior NonFiction Wasatch County Library Wasatch County Library Second Floor 10/01/2020 Baker & Taylor 33 34 J 688.7 Ske 34301001699109 12/26/2025 11/26/2025 19.99 10/01/2020 BOOK
This project was made possible through a grant from the Institute of Museum and Library Service administered by the Utah State Library Division.

Wasatch County Library

  • 465 East 1200 South, Heber City, Utah 84032
  • Phone 435-654-1511 | Fax 435-654-6456

Hours

  • Monday - Friday 9:30 AM - 8:00 PM
  • Saturday 9:30 AM - 1:30 PM
  • Closed Sundays and Holidays